000 00495nam a22001937a 4500
003 LC
005 20160322092340.0
008 121119t xxu||||| |||| 00| 0 eng d
020 _a9780749300357
050 _aPZ 7
_b.F735 1939
082 _aFIC
_bF72u 1979
100 _aFollett, James
245 _aU700
_cJames Follett
260 _aGreat Britain
_bMandarin Paperbacks
_c1979
300 _g17 cm.
_a239 p.
650 _aWorld War, 1939-1945 -- Fiction.
942 _2lcc
_cBK
999 _c1213
_d1213